<?xml version="1.0" encoding="UTF-8"?>
<collection xmlns="http://www.loc.gov/MARC21/slim">
 <record>
  <leader>01080nam a22002171  4500</leader>
  <controlfield tag="001">1/46934</controlfield>
  <controlfield tag="008">170208s2016    gr            000 0 gre d</controlfield>
  <datafield tag="020" ind1=" " ind2=" ">
   <subfield code="a">9789605320867</subfield>
  </datafield>
  <datafield tag="035" ind1=" " ind2=" ">
   <subfield code="l">49913</subfield>
  </datafield>
  <datafield tag="040" ind1=" " ind2=" ">
   <subfield code="a">GR-PeUP</subfield>
  </datafield>
  <datafield tag="082" ind1="0" ind2="0">
   <subfield code="a">346.04'8 8 ΤΣΟ</subfield>
  </datafield>
  <datafield tag="100" ind1="1" ind2=" ">
   <subfield code="a">Τσονάκας, Βασίλης Π.</subfield>
  </datafield>
  <datafield tag="245" ind1="1" ind2="0">
   <subfield code="a">Εμπορικά σήματα :</subfield>
   <subfield code="b">τι ισχύει απλά και κατανοητά /</subfield>
   <subfield code="c">Βασίλης Π. Τσονάκας.</subfield>
  </datafield>
  <datafield tag="260" ind1=" " ind2=" ">
   <subfield code="a">Αθήνα :</subfield>
   <subfield code="b">Συλλογές,</subfield>
   <subfield code="c">2016.</subfield>
  </datafield>
  <datafield tag="300" ind1=" " ind2=" ">
   <subfield code="a">156 σ. ;</subfield>
   <subfield code="c">21 εκ.</subfield>
  </datafield>
  <datafield tag="500" ind1=" " ind2=" ">
   <subfield code="a">Από το εξώφυλλο: &quot;συλλογές&quot; - Αργύρη Βουρνά.</subfield>
  </datafield>
  <datafield tag="650" ind1=" " ind2="4">
   <subfield code="a">Εμπορικά σήματα</subfield>
   <subfield code="x">Δίκαιο και νομοθεσία</subfield>
   <subfield code="z">Ελλάδα.</subfield>
  </datafield>
  <datafield tag="650" ind1=" " ind2="4">
   <subfield code="a">Trademarks</subfield>
   <subfield code="x">Law and legislation</subfield>
   <subfield code="z">Greece.</subfield>
  </datafield>
  <datafield tag="852" ind1=" " ind2=" ">
   <subfield code="a">INST</subfield>
   <subfield code="b">UNIPILB</subfield>
   <subfield code="c">MAIN</subfield>
   <subfield code="e">20170208</subfield>
   <subfield code="h">346.04'8 8 ΤΣΟ</subfield>
   <subfield code="p">00176579</subfield>
   <subfield code="q">00176579</subfield>
   <subfield code="t">LOAN</subfield>
   <subfield code="y">0</subfield>
   <subfield code="4">1</subfield>
  </datafield>
  <datafield tag="852" ind1=" " ind2=" ">
   <subfield code="a">INST</subfield>
   <subfield code="b">UNIPILB</subfield>
   <subfield code="c">MAIN</subfield>
   <subfield code="e">20170208</subfield>
   <subfield code="h">346.04'8 8 ΤΣΟ</subfield>
   <subfield code="p">00176580</subfield>
   <subfield code="q">00176580</subfield>
   <subfield code="t">LOAN</subfield>
   <subfield code="y">0</subfield>
   <subfield code="4">2</subfield>
  </datafield>
  <datafield tag="852" ind1=" " ind2=" ">
   <subfield code="a">INST</subfield>
   <subfield code="b">UNIPILB</subfield>
   <subfield code="c">MAIN</subfield>
   <subfield code="e">20170208</subfield>
   <subfield code="h">346.04'8 8 ΤΣΟ</subfield>
   <subfield code="p">00176581</subfield>
   <subfield code="q">00176581</subfield>
   <subfield code="t">LOAN</subfield>
   <subfield code="y">0</subfield>
   <subfield code="4">3</subfield>
  </datafield>
 </record>
</collection>
